[Event "Le Touquet op 20th"]
[Site "Le Touquet"]
[Date "2005.10.25"]
[Round "3"]
[White "Danger, Stephane"]
[Black "Pozzo, Sebastian"]
[Result "0-1"]
[WhiteElo "2131"]
[BlackElo "1990"]
[PlyCount "74"]
[EventDate "2005.10.23"]
[EventType "swiss"]
[EventRounds "9"]
[EventCountry "FRA"]
[SourceTitle "EXT 2006"]
[Source "ChessBase"]
[SourceDate "2005.11.24"]
[SourceVersion "1"]
[SourceVersionDate "2005.11.24"]
[SourceQuality "1"]

1. e4 c6 2. c4 g6 3. Nc3 Bg7 4. d4 d6 5. Be3 Nd7 6. Qd2 Qa5 7. f4 Ngf6 8. Nf3 0-0 9. Bd3 e5 10. fxe5 dxe5 11. d5 Ng4 12. 0-0 f5 13. Kh1 f4 14. Bg1 Qd8 15. b4 Qf6 16. c5 g5 17. d6 Qh6 18. Bc4+ Kh8 19. Rad1 Ndf6 20. Qe1 Bd7 21. Rd3 Nh5 22. Ne2 Ngf6 23. Nxe5 Nxe4 24. Bd4 Rae8 25. Qa1 Nhg3+ 26. Nxg3 Nxg3+ 27. Rxg3 fxg3 28. h3 Bxh3 29. Rf7 Bg4+ 30. Kg1 Qh2+ 31. Kf1 Qh1+ 32. Bg1 Bxe5 33. Qxe5+ Rxe5 34. Rxf8+ Kg7 35. Rf7+ Kg6 36. d7 Bxd7 37. Rxd7 Rf5+ 0-1

[Event "Bethune op"]
[Site "Bethune"]
[Date "2004.07.09"]
[Round "8"]
[White "Koscielny, Edmond"]
[Black "Danger, Stephane"]
[Result "1-0"]
[WhiteElo "1930"]
[BlackElo "1830"]
[PlyCount "59"]
[EventDate "2004.07.03"]
[EventType "swiss"]
[EventRounds "9"]
[EventCountry "FRA"]
[SourceTitle "EXT 2005"]
[Source "ChessBase"]
[SourceDate "2004.11.15"]
[SourceVersion "1"]
[SourceVersionDate "2004.11.15"]
[SourceQuality "1"]

1. e4 e6 2. d4 d5 3. Nc3 Bb4 4. e5 c5 5. a3 Bxc3+ 6. bxc3 Qa5 7. Bd2 Qa4 8. Qg4 g6 9. Kd1 b6 10. h4 h5 11. Qf4 Ba6 12. Bxa6 Nxa6 13. Nf3 Nb8 14. Ng5 Qd7 15. Rh3 Qe7 16. dxc5 bxc5 17. c4 Nd7 18. cxd5 f6 19. exf6 Qxf6 20. Qxf6 Ngxf6 21. dxe6 Nb6 22. Bc3 Ke7 23. Rf3 Nbd5 24. Bxf6+ Nxf6 25. Rb1 Rab8 26. Rfb3 Rhd8+ 27. Ke2 Rxb3 28. Rxb3 Rd5 29. Rb7+ Kd6 30. Rf7 1-0

[Event "FRA-chT3 North 0304"]
[Site "France"]
[Date "2004.04.03"]
[Round "8.5"]
[White "Danger, Stephane"]
[Black "Dumortier, Thierry"]
[Result "1/2-1/2"]
[WhiteElo "1790"]
[BlackElo "1970"]
[PlyCount "119"]
[EventDate "2003.11.??"]
[EventType "team"]
[EventRounds "9"]
[EventCountry "FRA"]
[SourceTitle "EXT 2006"]
[Source "ChessBase"]
[SourceDate "2005.11.24"]
[SourceVersion "1"]
[SourceVersionDate "2005.11.24"]
[SourceQuality "1"]
[WhiteTeam "Boulogne sur Mer"]
[BlackTeam "Chauny St Quentin"]
[WhiteTeamCountry "FRA"]
[BlackTeamCountry "FRA"]

1. e4 Nf6 2. e5 Nd5 3. Nc3 Nxc3 4. bxc3 d6 5. f4 g6 6. d4 Bg7 7. Nf3 0-0 8. Rb1 c5 9. Be3 Qa5 10. Bd2 Qxa2 11. Bd3 Qd5 12. Qe2 Qc6 13. c4 Na6 14. d5 Qc7 15. e6 fxe6 16. dxe6 Rf6 17. Be4 Rb8 18. 0-0 Bxe6 19. Bc3 Rxf4 20. Bxg7 Kxg7 21. Ng5 Rxf1+ 22. Rxf1 Bg8 23. Bd5 Qd7 24. Be6 Bxe6 25. Nxe6+ Kg8 26. Qe4 Nc7 27. Nxc7 Qxc7 28. Qe6+ Kh8 29. Rf7 Qa5 30. Qxe7 Qa1+ 31. Rf1 Qd4+ 32. Kh1 Qg7 33. Qxd6 Re8 34. Qxc5 b6 35. Qd6 Qe5 36. Rf8+ Kg7 37. Qxe5+ Rxe5 38. Rf1 Rf5 39. Rd1 Kf6 40. Kg1 h5 41. h3 Rc5 42. Rd7 Rxc4 43. Rxa7 Rxc2 44. Rd7 Rb2 45. Rd6+ Kf7 46. h4 b5 47. Kh2 b4 48. Rb6 b3 49. Kg3 Rb1 50. Kh2 b2 51. Kg3 Ke7 52. Rb5 Kd6 53. Rb8 Kc7 54. Rb3 Kc6 55. Kf2 Kc5 56. Rb7 Kc4 57. Rb8 Kc3 58. Rc8+ Kb4 59. Rb8+ Ka3 60. Ra8+ 1/2-1/2

[Event "FRA-chT3 North 0304"]
[Site "France"]
[Date "2003.12.07"]
[Round "4.7"]
[White "Dauchy, Stephane"]
[Black "Danger, Stephane"]
[Result "1/2-1/2"]
[WhiteElo "1920"]
[BlackElo "1790"]
[PlyCount "111"]
[EventDate "2003.11.??"]
[EventType "team"]
[EventRounds "9"]
[EventCountry "FRA"]
[SourceTitle "EXT 2006"]
[Source "ChessBase"]
[SourceDate "2005.11.24"]
[SourceVersion "1"]
[SourceVersionDate "2005.11.24"]
[SourceQuality "1"]
[WhiteTeam "Baisieux"]
[BlackTeam "Boulogne sur Mer"]
[WhiteTeamCountry "FRA"]
[BlackTeamCountry "FRA"]

1. c4 c5 2. Nc3 Nf6 3. e4 Nc6 4. Nf3 e6 5. d3 d6 6. Be2 Be7 7. 0-0 0-0 8. d4 cxd4 9. Nxd4 a6 10. Nf3 b6 11. Qb3 Qc7 12. Be3 Nd7 13. Rac1 Nc5 14. Qd1 Bb7 15. a3 Ne5 16. Nxe5 dxe5 17. Qc2 Bc6 18. b4 Nd7 19. Qb2 Qb7 20. f3 Qb8 21. Rfd1 Rd8 22. Rd2 Nf8 23. Rxd8 Bxd8 24. Rd1 Ra7 25. b5 Be8 26. bxa6 Rxa6 27. c5 Ra7 28. cxb6 Rb7 29. Ba6 Bxb6 30. Bxb7 Bxe3+ 31. Kf1 Qc7 32. Ba6 Bd4 33. Rc1 Ng6 34. g3 Qa5 35. Be2 f5 36. exf5 exf5 37. Qb4 Qa8 38. Nb5 Bxb5 39. Qxb5 h6 40. Qd7 Qxa3 41. Rc8+ Kh7 42. Qxf5 Qe3 43. Ke1 Qg1+ 44. Kd2 Qe3+ 45. Kd1 Qg1+ 46. Kc2 Qxh2 47. Qe4 Qxg3 48. Rc6 Qg2 49. Kb3 h5 50. Kc4 h4 51. Bd3 Qa2+ 52. Kb5 Qb3+ 53. Ka6 Qa4+ 54. Kb7 Qa7+ 55. Kc8 Qa8+ 56. Kc7 1/2-1/2